Leadership can be taught : A bold approach for a complex world
| Main Author: | |
|---|---|
| Format: | Book |
| Published: |
Massachusetts :
Harvard Business School Publishing ,
2005
|
| Subjects: |
MARC
| LEADER | 00000cam a2200000 7i4500 | ||
|---|---|---|---|
| 001 | 0000101404 | ||
| 005 | 20060606.0 | ||
| 020 | |a 1591393094 | ||
| 090 | 0 | 0 | |a 658.4092 |b PAR |
| 100 | 1 | |a Parks, Sharon Daloz | |
| 245 | 1 | 0 | |a Leadership can be taught : |b A bold approach for a complex world |c Sharon Daloz Parks |
| 260 | |a Massachusetts : |b Harvard Business School Publishing , |c 2005 | ||
| 300 | |a 287 p. ; |c 24 cm. | ||
| 650 | 0 | 0 | |a Executive ability |
| 650 | 0 | 0 | |a Leadership |
| 999 | |a 00194884 |b BUKU |c PINJAMAN |e PERPUSTAKAAN KOMUNITI PETALING JAYA | ||